00716nam a2200193Ia 4500100001600000650002400016250000600040942000700046366000700053654001200060245002400072260002900096082002100125300000900146546001200155999001700167952016900184952016900353 aRajput/R.K  aThermal engineering a7 cBK f10 athermal aThermal Engineering bLaxmi publicationsc2009 a621.402/RAJbRAJ a1679 aENGLISH c34322d34322 001040708CRCaCRCEbCRCEd2023-03-17eEducational books and periodicalsg675.00i252 dt 27/04/2009l0o621.402/RAJ RAJp19487r2023-03-17v750.00w0000-00-00yBK 001040708CRCaCRCEbCRCEd2023-03-17eEducational books and periodicalsg675.00i252 dt 27/04/2009l0o621.402/RAJ RAJp19488r2023-03-17v750.00w0000-00-00yBK